000 00463nam a2200169 a 4500
005 20260322212027.0
008 data
010 _a42-16573
090 _aHV 43 R567t 1942
245 1 0 _aTraining for skill in social case work/
_cVirginia Pollard Robinson.
260 _aPhiladelphia
_bUniversity of Pennsylvania Press
_cc1942
300 _a126 p.
650 4 _aSocial case work.
650 0 2 _aSocial Work
_xhistory
700 1 _aRobinson, Virginia Pollard
001 data
999 _c629
_d629